000 01210nam0a22003011 4500
001 v19\rc\1344623
005 20260405222005.0
035 _a(NLR Aleph) 005209953
090 _a5397941
_c5397941
100 _a20060512e18601860|||y0rusy50 ca
101 0 _arus
102 _aRU
105 _ab z |||||
200 1 _aО судах, могущих плавать беспрепятственно из Невы в Каспийское море
_f[Пав. Козакевич]
210 _aСанкт-Петербург
_cтип. Мор. м-ва
_d1860
215 _a24 с., 1 л. карт.
_d23
300 _aАвт. указан в конце текста
309 _aБез тит. л.
311 _aИз Морск. сборника, 1860 г., № 12
488 0 _12001#$aМорской сборник$v1860, № 12
_tМорской сборник
700 1 _8rus
_7ca
_aКозакевич
_bП. В.
_f1813-1882
_gПавел Васильевич
_3RU\NLR\AUTH\77100247
_983173
801 0 _aRU
_bNLR
_c20060512
_gpsbo
801 0 _aRU
_bRuMoRGB
_c20060512
_2psbo
801 1 _aRU
_bProSoft-M
_c20060512
_2rusmarc
801 2 _aRU
_bNLR
_c20110704
_2rusmarc
852 _aNLR
_j18.97.1.269
942 _cBOOK
980 _aNB